00830nam a2200229 i 450000100060000000300090000600500170001500700030003200800410003510000260007624502380010225000120034026000430035230000300039570000250042570000210045070000170047170000280048870000200051674000320053685200320056834538ES-MaACL20230906154941.0t|030207s1977 fr ||||1| fre d1 aBloomfield, Harold H.10aTM b: descubrimiento de la energía interna y superación del stress / cHarold H. Bloomfield, Michael Peter Cain, Denis T. Jaffe ; prólogo de Hans Selye ; introducción de R. Buckminster Fuller ; [traducido por Isabel Ugarte]. a3ª ed. aBarcelona, etc. : bGrijalbo, c[1977] a370 p. : bil. ; c20 cm.1 aCain, Michael Peter.1 aJaffe, Dennis T.1 aSelye, Hans.1 aFuller, R. Buckminster.1 aUgarte, Isabel.0 aMeditación trancendental. aES-MaACLjA-10222 bR.99610